000 00686nam a2200241Ia 4500
003 OSt
005 20220924132730.0
006 a|||||r|||| 00| 0
007 ta
008 220923b |||||||| |||| 00| 0 fre d
024 _a140087
037 _cTextual
040 _aARTS
_cARTS
_bfre
041 _2fre
_afre
082 _aY1:1.641.N5, 122K3
110 _aCentre D' Etude Des Questions Economiques
_9204846
245 0 _aRevenu des populations indigenes du congo Leopoldville
260 _c1963
650 _aSOCIOLOGY
700 _aCentre D' Etude Des Questions Economiques
_9204847
942 _hY1:1.641.N5, 122K3
_cTEXL
_2CC
999 _c431326
_d431326